000 01439nam a2200253Ia 4500
999 _c56188
_d56188
001 23289
003 GE_BSU
005 20211210130721.0
008 181216s2018||||ge |||||||||||||| ||geo||
020 _a9789941254703
040 _cGE_BSU
041 _ageo
080 _a657.15(042.4) ვ-21
100 _aვარდიაშვილი, მ.
_913255
245 _aბუღალტრული აღრიცხვა საჯარო სამართლის სუბიექტებში /
_cმარიამ ვარდიაშვილი ; რედაქტორი: მარინა მაისურაძე, ზეინაბ გოგრიჭიანი ; სამეცნიერო რედაქტორი ნანა სრესელი.
250 _aმესამე შესწორ. გამოცემა
264 _aთბილისი :
_bმერიდიანი,
_c2018.
300 _a251 გვ.:
_bცხრ.;
_c30 სმ.
653 _aსაბიუჯეტო ბუღალტრული აღრიცხვა
700 _aმაისურაძე, მარინა
_eრედაქტორი
_913256
700 _aგოგრიჭიანი, ზეინაბ
_eრედაქტორი
_913245
700 _aსრესელი, ნანა
_eსამეცნიერო რედაქტორი
_913252
942 _cBK
_2udc